Um cadáver ouve rádio (Record no. 171803)

MARC details
000 -LÍDER
campo de controle de tamanho fixo 00360 a2200169 4500
001 - NÚMERO DE CONTROLE
campo de controle 171803
020 ## - ISBN - INTERNATIONAL STANDARD BOOK NUMBER
ISBN - International Standard Book Number 85-08-00115-0
040 ## - FONTE DA CATALOGAÇÃO
Instituição que transcreveu o registro Magnum
100 ## - ENTRADA PRINCIPAL--NOME PESSOAL
Nome pessoal Rey, Marcos
240 10 - TÍTULO UNIFORME
Título uniforme Um cadáver ouve rádio
Idioma da obra por
245 10 - TÍTULO
Título Um cadáver ouve rádio
300 ## - DESCRIÇÃO FÍSICA
Extensão 126
362 0# - DATAS DE PUBLICAÇÃO E/OU DESIGNAÇÃO SEQUENCIAL
Datas de publicação e/ou designação sequencial 1991
440 #1 - DECLARAÇÃO DE SÉRIE/ENTRADA ADICIONADA--TÍTULO
Título Ática
697 ## - ENTRADA DE ASSUNTO LOCAL--ENTIDADE COLETIVA (RLIN)
Nome corporativo ou nome da jurisdição LITERATURA JUVENIL
942 ## - ELEMENTOS DE ENTRADA ADICIONADOS (KOHA)
Tipo de material Koha Livros
Holdings
Situação do descarte Situação das perdas Situação física Não pode ser emprestado Biblioteca de origem Biblioteca atual Data de aquisição Total de empréstimos Número de chamada completo Código de barras Data de último acesso Data do preço efetivo Tipo de material Koha
        Magnum Magnum 08/06/2024   869.3.265 MAG00017603 08/06/2024 08/06/2024 Livros
        Magnum Magnum 08/06/2024   869.3.265 MAG00017604 08/06/2024 08/06/2024 Livros
        Magnum Magnum 08/06/2024   869.3.265 MAG00017605 08/06/2024 08/06/2024 Livros
        Magnum Magnum 08/06/2024   869.3.265 MAG00017606 08/06/2024 08/06/2024 Livros
        Magnum Magnum 08/06/2024   869.3.265 MAG00017607 08/06/2024 08/06/2024 Livros
        Magnum Magnum 08/06/2024   869.3.265 MAG00017608 08/06/2024 08/06/2024 Livros
        Magnum Magnum 08/06/2024   869.3.265 MAG00017609 08/06/2024 08/06/2024 Livros
        Magnum Magnum 08/06/2024   869.3.265 MAG00017610 08/06/2024 08/06/2024 Livros
        Magnum Magnum 08/06/2024   869.3.265 MAG00017611 08/06/2024 08/06/2024 Livros
        Magnum Magnum 08/06/2024   869.3.265 MAG00017612 08/06/2024 08/06/2024 Livros
        Magnum Magnum 08/06/2024   869.3.265 MAG00017613 08/06/2024 08/06/2024 Livros
        Magnum Magnum 08/06/2024   869.3.265 MAG00017614 08/06/2024 08/06/2024 Livros